• 首页
  • 本馆介绍
  • 公告通知
  • 最新文献
  • 馆藏检索
  • 电子资源
  • 读者导购
  • 参考咨询
  • 我的图书馆
  • 登录
  • 详细信息显示
  • 放入我的书架
  • 预约/预借图书
  • 作者相关作品
  • 分类相关作品
  • 丛书相关作品
  • 出版社相关作品

书目信息

  • 表格格式
  • 工作单格式
  • 卡片格式
题名:
中国银行业不良贷款证券化研究
    
 
作者: 赖小民 著
分册:  
出版信息: 北京   中国金融出版社  2012.1
页数: 238页
开本: 24cm
丛书名:
单 册:
中图分类: F832.4
科图分类:
主题词: 贷款管理--研究--中国 , 贷款管理
电子资源:
ISBN: 978-7-5049-6165-5
000 00865nam0 22002411 450
001 524
005 20140909165048.76
010    @a978-7-5049-6165-5@dCNY52.00
100    @a20121102d2012 em y0chiy50 ea
101 0  @achi
102    @aCN@b110000
105    @ay z 000yy
106    @ar
200 1  @a中国银行业不良贷款证券化研究@AZhong Guo Yin Hang Ye Bu Liang Dai Kuan Zheng Quan Hua Yan Jiu@f赖小民著@FLai Xiao Min Zhu
210    @a北京@c中国金融出版社@d2012.1
215    @a238页@d24cm
330    @a本书分析了20世纪70年代初,资产证券化在美国诞生的历史背景,回顾了资产证券化的历史发展脉络。在此前提下,逐一对国际活跃银行所广泛使用的信用风险模型进行了讨论。
606 0  @a贷款管理@x研究@y中国
606 0  @a贷款管理
690    @aF832.4@v5
701  0 @a赖小民@ALai Xiao Min@g(金融)@4著
801  0 @aCN@bTANGWEI@c20140603
905    @b0836373-75@dF832.4@e104@f3
    
    中国银行业不良贷款证券化研究/赖小民著.-北京:中国金融出版社,2012.1
    238页;24cm
    
    
    ISBN 978-7-5049-6165-5:CNY52.00
    本书分析了20世纪70年代初,资产证券化在美国诞生的历史背景,回顾了资产证券化的历史发展脉络。在此前提下,逐一对国际活跃银行所广泛使用的信用风险模型进行了讨论。
●
相关链接 在E读中查询图书 在五车中查询图书 在当当中查询图书 在豆瓣中查询图书


正题名:中国银行业不良贷款证券化研究     索取号:F832.4/104         预约/预借

序号 登录号 条形码 馆藏地/架位号 状态 备注
1 0836373   208363732   第一样本阅览室/ [索取号:F832.4/104] 在馆    
2 0836374   208363741   第一借阅区/ [索取号:F832.4/104] 在馆    
3 0836375   208363750   密集书库-海洋学院/ [索取号:F832.4/104] 在馆    
唐山师范学院图书馆 欢迎您!
大连网信软件有限公司© 版权所有